Datum a čas kvízu
34
Celkem bodů
Celkový počet nahraných bodů na tomto kvízu bez doplňovacích otázek.
6.
Pořadí na kvízu
Konečné umístění týmu na tomto kvízu.
Zaznamenané odpovědi
| # | Otázka | Odpověď | Body | Výsledky |
|---|---|---|---|---|
| 1. | Ve čtvrtek jsme se dozvěděli,... | Rohlík.cz | 1 | |
| 2. | O nebývalý rozruch se na newyo... | A) mýval | 1 | |
| 3. | Minulý týden byl zveřejněn tea... | Marty Pohl, Řezník | 1 | |
| 4. | Řetězec Pepco se pod tlakem zá... | C) zkušební kabiny | 1 | |
| 5. | Minulý týden se na sociálních... | Zachytil se (kopačkou) do sítě. | 1 | |
| 6. | Napište názvy dvou filmů Zacka... | 300: Bitva u Thermopyl, 300: Vzestup říše | 0.5 | |
| 7. | Nyní se podíváme na film režis... | Křižáček | 1 | |
| 8. | Německý film režiséra Edwarda... | Na západní frontě klid, Erich Maria Remarque | 1 | |
| 9. | Protektor je film režiséra Mar... | Jana Plodková, Marek Daniel | 0 | |
| 10. | Napište název filmu, z něhož p... | Nepřítel před branami | 0 |